[Event "Madrid ch Veteranos 2010"]
[Site "Madrid ESP"]
[Date "2010.02.16"]
[Round "7.8"]
[White "Martin-Consuegra Barrilero, Francisco Javier"]
[Black "Leniz Martinez, Francisco"]
[Result "1-0"]
[WhiteElo "1905"]
[BlackElo "1845"]
[PlyCount "121"]
[EventDate "2010.02.08"]
[EventType "swiss"]
[EventRounds "9"]
[EventCountry "ESP"]
[Source "lmi"]
[SourceDate "2010.02.08"]

1. d4 Nf6 2. Bg5 Ne4 3. Bf4 c5 4. f3 Nf6 5. dxc5 Qa5+ 6. Nc3 Qxc5 7. e4 d6 8.
Qd2 a6 9. Be3 Qa5 10. Nd5 Qxd2+ 11. Bxd2 Nxd5 12. exd5 Bf5 13. O-O-O h5 14. Bc3
Nd7 15. Ne2 Rc8 16. Ng3 Bg6 17. Bd3 Bxd3 18. Rxd3 Rh7 19. Re1 g6 20. Ne4 Kd8
21. Ng5 Bh6 22. Bd2 Bxg5 23. Bxg5 f6 24. Bd2 g5 25. b3 Kc7 26. f4 g4 27. Rde3
Kd8 28. Kb2 Rc5 29. c4 Rc8 30. Bc3 b6 31. Rc1 Nc5 32. Bd4 Nd7 33. a3 Rh6 34. b4
Rh7 35. Rec3 Rh8 36. Kb3 Kc7 37. Re1 Kd8 38. Re6 Rh7 39. Bf2 Nf8 40. Bxb6+ Kd7
41. Re2 Ng6 42. g3 h4 43. Bf2 hxg3 44. hxg3 Rh2 45. Rcc2 Rh3 46. Ka4 Rhh8 47.
c5 Ra8 48. c6+ Kc7 49. Kb3 Rhb8 50. a4 Rh8 51. Kc4 Rab8 52. Rb2 Ra8 53. Be1 Rh1
54. b5 axb5+ 55. axb5 Ra4+ 56. Kc3 Rf1 57. b6+ Kb8 58. Bf2 Rfa1 59. Rec2 R1a3+
60. Kd2 Ra8 61. b7 1-0

[Event "Madrid ch Veteranos 2010"]
[Site "Madrid ESP"]
[Date "2010.02.16"]
[Round "7.9"]
[White "Fernandez Garcia, Ignacio"]
[Black "Lopez Peral, Enrique"]
[Result "1/2-1/2"]
[WhiteElo "1905"]
[BlackElo "1872"]
[PlyCount "134"]
[EventDate "2010.02.08"]
[EventType "swiss"]
[EventRounds "9"]
[EventCountry "ESP"]
[Source "lmi"]
[SourceDate "2010.02.08"]

1. e4 e5 2. Nf3 Nf6 3. Bc4 Nc6 4. d3 Bb4+ 5. c3 Bc5 6. b4 Bd6 7. Bg5 h6 8. Bd2
b6 9. a4 Bb7 10. Na3 Ne7 11. Qb3 O-O 12. Qd1 a5 13. b5 Bxa3 14. Rxa3 d5 15.
exd5 Bxd5 16. O-O Bxc4 17. dxc4 Ne4 18. Qc2 Nxd2 19. Nxd2 Qd6 20. Raa1 Qg6 21.
Ne4 Nf5 22. Qe2 Rad8 23. c5 Rd5 24. c6 Rfd8 25. Rad1 Nh4 26. Ng3 Qd6 27. Ne4
Qg6 28. Ng3 Qd6 29. Rde1 Ng6 30. Qg4 Nf4 31. Ne4 Qg6 32. Qxg6 Nxg6 33. c4 Rd4
34. c5 Ne7 35. cxb6 cxb6 36. Nc3 f6 37. Rd1 Rxd1 38. Rxd1 Rxd1+ 39. Nxd1 Nd5
40. Ne3 Nc7 41. Kf1 Kf7 42. Ke2 Ke6 43. Kd3 f5 44. Nc4 Nd5 45. g3 g5 46. f3 g4
47. fxg4 fxg4 48. Ne3 Nf6 49. Kc4 h5 50. c7 Kd7 51. Nd5 Ne4 52. Nxb6+ Kxc7 53.
Nd5+ Kb7 54. Nc3 Nd2+ 55. Kd5 Nf3 56. Ne4 Nxh2 57. Kxe5 h4 58. gxh4 Nf3+ 59.
Kf4 Nxh4 60. Nd6+ Kc7 61. Nc4 Nf3 62. Nxa5 Ne5 63. Nb3 g3 64. Kxg3 Kb6 65. Nd4
Nc4 66. Kf4 Nb2 67. a5+ Kxa5 1/2-1/2

[Event "Madrid ch Veteranos 2010"]
[Site "Madrid ESP"]
[Date "2010.02.16"]
[Round "7.10"]
[White "Beekhof Harmsen, Willen"]
[Black "Lastras Hernandez, Tomas"]
[Result "0-1"]
[WhiteElo "1849"]
[BlackElo "1885"]
[PlyCount "58"]
[EventDate "2010.02.08"]
[EventType "swiss"]
[EventRounds "9"]
[EventCountry "ESP"]
[Source "lmi"]
[SourceDate "2010.02.08"]

1. d4 Nf6 2. Nf3 d5 3. Nc3 g6 4. Bf4 c6 5. e3 Bg7 6. Be2 O-O 7. Ne5 Nbd7 8. h4
h6 9. g4 Nxe5 10. Bxe5 Nd7 11. Bxg7 Kxg7 12. g5 hxg5 13. hxg5 Rh8 14. Kd2 e5
15. Rxh8 Qxh8 16. Qh1 exd4 17. Qxh8+ Kxh8 18. exd4 f6 19. f4 Kg7 20. Bd3 Nf8
21. Re1 Kf7 22. Ne2 fxg5 23. fxg5 Bg4 24. Rf1+ Kg7 25. Rg1 Bxe2 26. Kxe2 Ne6
27. Ke3 Re8 28. c3 Nxg5+ 29. Kf4 Nh3+ 0-1

[Event "Madrid ch Veteranos 2010"]
[Site "Madrid ESP"]
[Date "2010.02.16"]
[Round "7.11"]
[White "Minguela Muñoz, Bienvenido"]
[Black "Ortega Morales, Pedro"]
[Result "0-1"]
[WhiteElo "1900"]
[BlackElo "1791"]
[PlyCount "46"]
[EventDate "2010.02.08"]
[EventType "swiss"]
[EventRounds "9"]
[EventCountry "ESP"]
[Source "lmi"]
[SourceDate "2010.02.08"]

1. Nf3 d5 2. d4 e6 3. c4 Be7 4. Nc3 Nf6 5. e3 O-O 6. Bd3 Nbd7 7. cxd5 exd5 8.
O-O Re8 9. Rb1 c6 10. b4 a6 11. a4 b6 12. b5 axb5 13. axb5 c5 14. Bc2 Bb7 15.
Ne5 Qc7 16. f4 cxd4 17. Qxd4 Bc5 18. Qd3 Nxe5 19. fxe5 Qxe5 20. Rf5 Bxe3+ 21.
Kh1 Qd4 22. Nxd5 Bxd5 23. Rxd5 Qxd5 0-1

[Event "Madrid ch Veteranos 2010"]
[Site "Madrid ESP"]
[Date "2010.02.16"]
[Round "7.12"]
[White "Rodriguez Bachiller, Luis"]
[Black "Alfageme Sanchez, Jesus"]
[Result "1/2-1/2"]
[WhiteElo "1897"]
[BlackElo "1825"]
[PlyCount "70"]
[EventDate "2010.02.08"]
[EventType "swiss"]
[EventRounds "9"]
[EventCountry "ESP"]
[Source "lmi"]
[SourceDate "2010.02.08"]

1. e4 Nc6 2. Nf3 e5 3. Bb5 a6 4. Bxc6 dxc6 5. O-O Bd6 6. d4 Bg4 7. dxe5 Bxf3 8.
Qxf3 Bxe5 9. Nc3 Qf6 10. Qxf6 Nxf6 11. Bd2 O-O 12. f4 Bd4+ 13. Kh1 Ng4 14. h3
Nf6 15. e5 Nd5 16. Nxd5 cxd5 17. Rfb1 c6 18. Bb4 Rfe8 19. Bd6 Bf2 20. Rf1 Bh4
21. g4 Be7 22. Rae1 Bxd6 23. exd6 Red8 24. Re7 Rxd6 25. Rxb7 Re8 26. f5 f6 27.
Kg2 Kf8 28. Rb6 a5 29. Ra6 d4 30. Rxa5 d3 31. cxd3 Rxd3 32. Rc5 Ree3 33. Rxc6
Rxh3 34. Rfc1 Rhg3+ 35. Kf2 Rgf3+ 1/2-1/2

[Event "Madrid ch Veteranos 2010"]
[Site "Madrid ESP"]
[Date "2010.02.16"]
[Round "7.13"]
[White "Olano Lanchas, Dionisio"]
[Black "Garcia Lopez, Pedro"]
[Result "0-1"]
[WhiteElo "1822"]
[BlackElo "1855"]
[PlyCount "70"]
[EventDate "2010.02.08"]
[EventType "swiss"]
[EventRounds "9"]
[EventCountry "ESP"]
[Source "lmi"]
[SourceDate "2010.02.08"]

1. e4 c5 2. Bc4 e6 3. e5 a6 4. a4 Nc6 5. Nf3 d5 6. exd6 Bxd6 7. Nc3 Nf6 8. d3
h6 9. Qe2 O-O 10. h3 b6 11. Be3 Qc7 12. O-O Bf4 13. Qd2 Nh5 14. g4 Bxe3 15.
fxe3 Nf6 16. Qg2 Bb7 17. Ne2 Ne5 18. Nf4 Nxf3+ 19. Rxf3 Bxf3 20. Qxf3 Qd6 21.
c3 Rad8 22. Ng2 g5 23. e4 Nd7 24. Ne3 Ne5 25. Qf6 Nxc4 26. Nxc4 Qg3+ 27. Kf1
Qxh3+ 28. Ke2 Qxg4+ 29. Ke3 Qh3+ 30. Qf3 Qxf3+ 31. Kxf3 f5 32. e5 Rb8 33. Nd6
Kg7 34. d4 h5 35. Rg1 Kg6 0-1

[Event "Madrid ch Veteranos 2010"]
[Site "Madrid ESP"]
[Date "2010.02.16"]
[Round "7.14"]
[White "Alvarez Escudero, Manuel"]
[Black "Diaz Begonte, Manuel"]
[Result "1-0"]
[WhiteElo "1839"]
[BlackElo "1820"]
[PlyCount "48"]
[EventDate "2010.02.08"]
[EventType "swiss"]
[EventRounds "9"]
[EventCountry "ESP"]
[Source "lmi"]
[SourceDate "2010.02.08"]

1. e4 c6 2. d4 d5 3. Bd3 dxe4 4. Bxe4 Nf6 5. Bf3 e5 6. dxe5 Qa5+ 7. Nc3 Qxe5+
8. Qe2 Bd6 9. Bf4 Qxe2+ 10. Ngxe2 Bxf4 11. Nxf4 O-O 12. O-O-O Bf5 13. Rhe1 Nbd7
14. h3 g5 15. Nh5 Nxh5 16. Bxh5 Nf6 17. Bf3 Rfe8 18. g4 Be6 19. a3 Rad8 20.
Rxd8 Rxd8 21. Be4 Re8 22. f3 Kg7 23. Rh1 Nxe4 24. Nxe4 h6 1-0

[Event "Madrid ch Veteranos 2010"]
[Site "Madrid ESP"]
[Date "2010.02.16"]
[Round "7.15"]
[White "Martinez Miura, Enrique"]
[Black "Fernandez- Bujarrabal, Pedro"]
[Result "1/2-1/2"]
[WhiteElo "1724"]
[BlackElo "1804"]
[PlyCount "49"]
[EventDate "2010.02.08"]
[EventType "swiss"]
[EventRounds "9"]
[EventCountry "ESP"]
[Source "lmi"]
[SourceDate "2010.02.08"]

1. e4 e5 2. Nf3 Nc6 3. Bb5 a6 4. Ba4 Nf6 5. O-O Be7 6. Re1 b5 7. Bb3 O-O 8. c3
d5 9. exd5 Nxd5 10. Nxe5 Nxe5 11. Rxe5 c6 12. d4 Bd6 13. Re1 Qh4 14. g3 Qh3 15.
Qf3 Bg4 16. Qg2 Qh5 17. Bxd5 cxd5 18. Be3 Bh3 19. Qh1 Rae8 20. Nd2 f6 21. Qf3
Bg4 22. Qg2 Bh3 23. Qf3 Bg4 24. Qg2 Bh3 25. Qf3 1/2-1/2

[Event "Madrid ch Veteranos 2010"]
[Site "Madrid ESP"]
[Date "2010.02.16"]
[Round "7.18"]
[White "Osorio Ramos, Francisco"]
[Black "Gonzalo Gonzalez, Francisco"]
[Result "1-0"]
[WhiteElo "1944"]
[BlackElo "1761"]
[PlyCount "83"]
[EventDate "2010.02.08"]
[EventType "swiss"]
[EventRounds "9"]
[EventCountry "ESP"]
[Source "lmi"]
[SourceDate "2010.02.08"]

1. Nf3 Nf6 2. g3 g6 3. Bg2 Bg7 4. O-O O-O 5. c4 Nc6 6. Nc3 b6 7. d4 Rb8 8. b3
Bb7 9. Bb2 d6 10. e4 e6 11. Qe2 e5 12. d5 Nd4 13. Nxd4 exd4 14. Nb5 c5 15. Nxa7
Re8 16. f3 Qd7 17. Qd2 Ba6 18. Nc6 Ra8 19. Rae1 Qc7 20. a4 h5 21. Rf2 Kh7 22.
Bc1 Ng8 23. Qd3 Bb7 24. f4 f5 25. Rfe2 Bxc6 26. dxc6 Nh6 27. exf5 Rxe2 28.
fxg6+ Kh8 29. Rxe2 Rf8 30. h3 Nf5 31. Kh2 h4 32. gxh4 Nxh4 33. Bd5 Nf5 34. Qf3
Bh6 35. Qh5 Kg7 36. Qg4 Qd8 37. Bf7 d3 38. Qxf5 Bxf4+ 39. Qxf4 d5 40. Qh6+ Kf6
41. Bg5+ Kf5 42. Be6# 1-0

[Event "Madrid ch Veteranos 2010"]
[Site "Madrid ESP"]
[Date "2010.02.16"]
[Round "7.23"]
[White "Zamora Pastora, Roger"]
[Black "Cortijo Manso, Luis"]
[Result "0-1"]
[WhiteElo "1592"]
[BlackElo "1614"]
[PlyCount "80"]
[EventDate "2010.02.08"]
[EventType "swiss"]
[EventRounds "9"]
[EventCountry "ESP"]
[Source "lmi"]
[SourceDate "2010.02.08"]

1. d4 Nf6 2. Nf3 g6 3. c4 d5 4. Nc3 Bg7 5. cxd5 Nxd5 6. e3 O-O 7. g3 Nxc3 8.
bxc3 c5 9. Bg2 Nc6 10. O-O cxd4 11. exd4 Bg4 12. Be3 e5 13. Qd2 Qd7 14. Bh6
exd4 15. Bxg7 Kxg7 16. cxd4 Bh3 17. Rfc1 Bxg2 18. Kxg2 Qf5 19. Nh4 Qe4+ 20. Nf3
Rad8 21. Re1 Qd5 22. Re3 Rd7 23. Kg1 Rfd8 24. Rd1 Nxd4 25. Qb2 Qb5 26. Qc3 Qc6
27. Qb2 Qf6 28. Nxd4 Rxd4 29. Rxd4 Qxd4 30. Qxd4+ Rxd4 31. Rb3 b6 32. Kg2 h5
33. h4 f6 34. Re3 Rd7 35. f4 Rd2+ 36. Kf3 Rxa2 37. Rb3 Ra4 38. g4 g5 39. fxg5
fxg5 40. hxg5 Rxg4 0-1

[Event "Madrid ch Veteranos 2010"]
[Site "Madrid ESP"]
[Date "2010.02.16"]
[Round "7.24"]
[White "Martin Rodriguez, Jose Luis"]
[Black "Rodriguez Lopez-Cañizares, Francisco"]
[Result "0-1"]
[WhiteElo "1510"]
[BlackElo "1699"]
[PlyCount "86"]
[EventDate "2010.02.08"]
[EventType "swiss"]
[EventRounds "9"]
[EventCountry "ESP"]
[Source "lmi"]
[SourceDate "2010.02.08"]

1. e4 Nf6 2. e5 Nd5 3. d4 d6 4. exd6 exd6 5. c4 Nf6 6. Nf3 Bg4 7. h3 Bh5 8. Be2
Be7 9. Nc3 O-O 10. O-O d5 11. Ne5 Bxe2 12. Qxe2 dxc4 13. Qxc4 Nbd7 14. f4 Nb6
15. Qd3 Nfd5 16. Bd2 c5 17. Kh1 Nb4 18. Qe4 cxd4 19. Nb5 N4d5 20. Nxd4 Re8 21.
Rf3 Bc5 22. Qd3 f6 23. Ng4 Nb4 24. Bxb4 Bxb4 25. Qb3+ Nd5 26. Rd1 Qa5 27. a3
Re1+ 28. Rxe1 Bxe1 29. Ne3 Rd8 30. Qxb7 Nxe3 31. Ne6 Nf5 32. g4 Qd5 33. Qxd5
Rxd5 34. gxf5 Rxf5 35. Rf1 Bd2 36. Rf2 Be3 37. Re2 Bb6 38. Kg2 Kf7 39. Kf3 h5
40. h4 Rd5 41. Re4 Rd2 42. Re2 Rxe2 43. Kxe2 Kxe6 0-1

[Event "Madrid ch Veteranos 2010"]
[Site "Madrid ESP"]
[Date "2010.02.17"]
[Round "8.1"]
[White "Lorite Cruz, Francisco"]
[Black "Sanchez-Guijaldo Vela, Demetrio"]
[Result "0-1"]
[WhiteElo "2073"]
[BlackElo "2147"]
[PlyCount "138"]
[EventDate "2010.02.08"]
[EventType "swiss"]
[EventRounds "9"]
[EventCountry "ESP"]
[Source "lmi"]
[SourceDate "2010.02.08"]

1. e4 e6 2. d4 d5 3. Nc3 Nf6 4. e5 Nfd7 5. Be3 c5 6. f4 Nc6 7. Nf3 a6 8. g3 Qb6
9. Rb1 cxd4 10. Nxd4 Nxd4 11. Bxd4 Bc5 12. Bxc5 Qxc5 13. Qd2 O-O 14. Ne2 f6 15.
Nd4 Qb6 16. exf6 gxf6 17. Bg2 Nc5 18. Nb3 Nxb3 19. axb3 Bd7 20. Kd1 Rac8 21.
Re1 Rc7 22. f5 Rfc8 23. fxe6 Rxc2 24. Qxc2 Rxc2 25. Kxc2 Bxe6 26. Rxe6 Qxe6 27.
Rd1 Qf5+ 28. Kc1 Qg5+ 29. Kc2 Qg6+ 30. Kc3 Qh5 31. Bxd5+ Kf8 32. Rd2 a5 33. b4
Qe5+ 34. Kb3 Qe3+ 35. Kc2 axb4 36. b3 Qc3+ 37. Kd1 b5 38. Ke2 h5 39. Rd3 Qc5
40. Rd2 Qg1 41. Kd3 Qc5 42. Ke2 Kg7 43. Kf3 Qc3+ 44. Ke2 f5 45. Rd3 Qc2+ 46.
Rd2 Qc5 47. Kf3 Kf6 48. Ke2 Qg1 49. Kd3 Qb1+ 50. Ke2 Kg5 51. Kf2 Qc1 52. Ke2
Qc3 53. Rd3 Qb2+ 54. Rd2 Qe5+ 55. Kf3 Qc3+ 56. Ke2 f4 57. gxf4+ Kxf4 58. Rd3
Qb2+ 59. Rd2 Qe5+ 60. Kd1 Qc3 61. Rf2+ Ke5 62. Rd2 Qc5 63. Bf7 h4 64. Ke2 Qg1
65. Kf3 Qf1+ 66. Rf2 Qh3+ 67. Ke2 Qg4+ 68. Kd2 Kd4 69. Ke1 Ke3 0-1

[Event "Madrid ch Veteranos 2010"]
[Site "Madrid ESP"]
[Date "2010.02.17"]
[Round "8.4"]
[White "Garcia Esteban, Juan Ignacio"]
[Black "Garcia Gutierrez, Jose"]
[Result "1/2-1/2"]
[WhiteElo "2002"]
[BlackElo "2027"]
[PlyCount "33"]
[EventDate "2010.02.08"]
[EventType "swiss"]
[EventRounds "9"]
[EventCountry "ESP"]
[Source "lmi"]
[SourceDate "2010.02.08"]

1. e4 e6 2. d4 d5 3. exd5 exd5 4. Nf3 c5 5. c3 Bd6 6. Bg5 f6 7. Be3 cxd4 8.
Nxd4 Ne7 9. Bd3 O-O 10. Qc2 f5 11. O-O Nbc6 12. Nxc6 bxc6 13. Bg5 Qc7 14. Bxe7
Qxe7 15. Nd2 Bd7 16. Nf3 Qf6 17. Rfe1 1/2-1/2

[Event "Madrid ch Veteranos 2010"]
[Site "Madrid ESP"]
[Date "2010.02.17"]
[Round "8.5"]
[White "Pardo Robles, Jose Manuel"]
[Black "Fuentes Arjona, Antonio"]
[Result "0-1"]
[WhiteElo "1888"]
[BlackElo "2041"]
[PlyCount "108"]
[EventDate "2010.02.08"]
[EventType "swiss"]
[EventRounds "9"]
[EventCountry "ESP"]
[Source "lmi"]
[SourceDate "2010.02.08"]

1. d4 Nf6 2. c4 c5 3. Nf3 cxd4 4. Nxd4 g6 5. Nc3 Bg7 6. e4 d6 7. Be2 O-O 8. Be3
Nc6 9. Nb3 b6 10. O-O Bb7 11. f4 Nd7 12. Qe1 Nb4 13. Qd2 Nc5 14. Bf3 Nbd3 15.
Nxc5 Nxc5 16. f5 Nd7 17. Bh6 Ne5 18. Bxg7 Kxg7 19. b3 Qc8 20. Nd5 Bxd5 21. f6+
exf6 22. exd5 Qc5+ 23. Kh1 b5 24. cxb5 Qxb5 25. Be2 Qb6 26. Rac1 Rfc8 27. Bc4
a5 28. Rf4 f5 29. Rh4 h5 30. Qe2 Qd8 31. Rh3 Qg5 32. Rf1 Qg4 33. Qb2 Qg5 34.
Rg3 Qf6 35. Qe2 Nxc4 36. bxc4 Qe5 37. Qxe5+ dxe5 38. Rc3 Rc5 39. Rd1 Rac8 40.
d6 Rd8 41. Kg1 Kf6 42. d7 Ke7 43. Rcd3 a4 44. Rd5 Rxd5 45. Rxd5 e4 46. Ra5 Rxd7
47. Rxa4 Rc7 48. g3 Kd6 49. Kf2 Kc5 50. Ke3 Rd7 51. Kf4 Kd4 52. h3 Re7 53. c5+
Kxc5 54. Ra3 Kd4 0-1

[Event "Madrid ch Veteranos 2010"]
[Site "Madrid ESP"]
[Date "2010.02.17"]
[Round "8.7"]
[White "Garcia Lopez, Pedro"]
[Black "Moragrega Herrero, Juan Jose"]
[Result "0-1"]
[WhiteElo "1855"]
[BlackElo "1981"]
[PlyCount "105"]
[EventDate "2010.02.08"]
[EventType "swiss"]
[EventRounds "9"]
[EventCountry "ESP"]
[Source "lmi"]
[SourceDate "2010.02.08"]

1. d4 d5 2. Nf3 Nf6 3. e3 Bg4 4. c4 e6 5. Nc3 c6 6. h3 Bh5 7. cxd5 exd5 8. Be2
Bd6 9. O-O O-O 10. g4 Bg6 11. Nh4 Ne4 12. Nxg6 Nxc3 13. bxc3 fxg6 14. f4 Nd7
15. Bf3 Qe7 16. g5 Nb6 17. Qd3 Rae8 18. Bd2 Nc4 19. Rae1 Qc7 20. Bc1 Re7 21.
Re2 Rfe8 22. Rfe1 b5 23. Bd2 a5 24. h4 a4 25. h5 gxh5 26. Bxh5 g6 27. Bf3 Qd7
28. Kg2 Bc7 29. Bc1 Bd6 30. Kg3 Qf5 31. Qxf5 gxf5 32. Kf2 b4 33. cxb4 Bxb4 34.
Rh1 Rb8 35. Rh6 Rb6 36. Rc2 Reb7 37. Rf6 Be7 38. Rxf5 a3 39. Bh5 Rb2 40. Re2
Rb1 41. Re1 R7b2+ 42. Kf3 Rc2 43. Rf7 Bf8 44. Rxf8+ Kxf8 45. Bxa3+ Nxa3 46.
Rxb1 Nxb1 47. g6 hxg6 48. Bxg6 Nd2+ 49. Kg4 Rxa2 50. f5 Nc4 51. Kf3 Ra3 52. f6
Rxe3+ 53. Kf2 0-1

[Event "Madrid ch Veteranos 2010"]
[Site "Madrid ESP"]
[Date "2010.02.17"]
[Round "8.8"]
[White "Gonzalez Cespedes, Manuel"]
[Black "Fernandez Garcia, Ignacio"]
[Result "1-0"]
[WhiteElo "1810"]
[BlackElo "1905"]
[PlyCount "87"]
[EventDate "2010.02.08"]
[EventType "swiss"]
[EventRounds "9"]
[EventCountry "ESP"]
[Source "lmi"]
[SourceDate "2010.02.08"]

1. d4 g6 2. e4 Bg7 3. c4 d6 4. Nc3 Nf6 5. Nf3 O-O 6. Be2 Bg4 7. O-O Nc6 8. h3
Bd7 9. Be3 Qc8 10. Qd2 Re8 11. Bh6 Bh8 12. Ng5 Nxd4 13. f4 Nxe2+ 14. Qxe2 Nh5
15. g4 Ng3 16. Qd2 Nxf1 17. Rxf1 c5 18. f5 Bd4+ 19. Kh2 f6 20. Nf3 Be5+ 21.
Nxe5 dxe5 22. h4 Bc6 23. Nd5 Qd7 24. g5 Bxd5 25. cxd5 Qa4 26. Qe2 Qa6 27. Qg2
fxg5 28. hxg5 Rf8 29. Bxf8 Rxf8 30. b3 b5 31. Qb2 Qd6 32. Qf2 gxf5 33. exf5 e4+
34. Qg3 Qxd5 35. g6 Qd6 36. gxh7+ Kxh7 37. Rf4 Rf6 38. Rxe4 Rh6+ 39. Kg2 Qd2+
40. Kf3 Qd3+ 41. Kf4 e5+ 42. Rxe5 Qf1+ 43. Kg4 Rh1 44. Re7+ 1-0

[Event "Madrid ch Veteranos 2010"]
[Site "Madrid ESP"]
[Date "2010.02.17"]
[Round "8.9"]
[White "Ortega Morales, Pedro"]
[Black "Lastras Hernandez, Tomas"]
[Result "1-0"]
[WhiteElo "1791"]
[BlackElo "1885"]
[PlyCount "121"]
[EventDate "2010.02.08"]
[EventType "swiss"]
[EventRounds "9"]
[EventCountry "ESP"]
[Source "lmi"]
[SourceDate "2010.02.08"]

1. d4 Nf6 2. Bf4 d5 3. e3 e6 4. Nf3 Nc6 5. c3 Bd6 6. Ne5 a6 7. Nd2 Nd7 8. Ndf3
Ncxe5 9. Nxe5 Nxe5 10. dxe5 Be7 11. Qg4 g5 12. Bg3 h5 13. Qf3 h4 14. Bxh4 Rxh4
15. g3 Rh8 16. O-O-O c6 17. Qg4 Qc7 18. f4 gxf4 19. exf4 b5 20. Qg7 Rf8 21. h4
Bb7 22. h5 O-O-O 23. Qg4 Bc5 24. Qf3 d4 25. h6 Bb6 26. Qe2 c5 27. Rh4 Bd5 28.
Kb1 Qc6 29. Rc1 d3 30. Qd2 c4 31. Bh3 Rh8 32. g4 Be4 33. Ka1 Bc5 34. Re1 Be7
35. g5 Bg6 36. Bg2 Qb6 37. Rhh1 Kc7 38. Rhf1 a5 39. Bh3 Bf5 40. Bg2 Rb8 41. Be4
b4 42. Bxf5 exf5 43. Rc1 Kd7 44. Qg2 Rbc8 45. Qd5+ Ke8 46. cxb4 Qxb4 47. e6
fxe6 48. Qxe6 Qc5 49. Qg6+ Kd7 50. Rfd1 Qd5 51. Qg7 Qe6 52. Qd4+ Qd6 53. Rxc4
Rxc4 54. Qxc4 Rc8 55. Qb5+ Qc6 56. Qxd3+ Ke8 57. Qe3 Qc2 58. Re1 Qe4 59. Qxe4
fxe4 60. a3 Kf7 61. Rxe4 1-0

[Event "Madrid ch Veteranos 2010"]
[Site "Madrid ESP"]
[Date "2010.02.17"]
[Round "8.10"]
[White "Lopez Peral, Enrique"]
[Black "Alvarez Escudero, Manuel"]
[Result "1-0"]
[WhiteElo "1872"]
[BlackElo "1838"]
[PlyCount "107"]
[EventDate "2010.02.08"]
[EventType "swiss"]
[EventRounds "9"]
[EventCountry "ESP"]
[Source "lmi"]
[SourceDate "2010.02.08"]

1. c4 e5 2. Nc3 Bc5 3. Ne4 Be7 4. g3 d6 5. Bg2 f5 6. Nc3 Nf6 7. d3 O-O 8. Bg5
c6 9. e4 fxe4 10. Bxf6 Bxf6 11. Nxe4 Be7 12. Qb3 Qb6 13. Qxb6 axb6 14. h3 Nd7
15. Ke2 Nc5 16. Nf3 Nxe4 17. dxe4 Be6 18. b3 Ra5 19. Rhc1 Bf6 20. Nd2 Bg5 21.
Rc2 Bxd2 22. Rxd2 Rd8 23. Rad1 Kf7 24. f4 Ke7 25. Ke3 h6 26. Bf1 exf4+ 27. gxf4
g5 28. f5 Bf7 29. Be2 Re5 30. f6+ Kxf6 31. Rxd6+ Rxd6 32. Rxd6+ Be6 33. Kd4 c5+
34. Ke3 Kg7 35. Rxb6 Bxh3 36. Rxb7+ Kf6 37. a4 Bf5 38. Bf3 g4 39. Bh1 Kg5 40.
Rg7+ Bg6 41. a5 Re6 42. Rc7 g3 43. Rxc5+ Kh4 44. Bg2 Kg4 45. Rb5 Bxe4 46. Bxe4
Rxe4+ 47. Kxe4 h5 48. Rb8 h4 49. Rg8+ Kh3 50. Kf3 Kh2 51. a6 Kh1 52. Rxg3 Kh2
53. Rg8 Kh1 54. Rh8 1-0

[Event "Madrid ch Veteranos 2010"]
[Site "Madrid ESP"]
[Date "2010.02.17"]
[Round "8.11"]
[White "Leniz Martinez, Francisco"]
[Black "Perez Cameselle, Francisco"]
[Result "1/2-1/2"]
[WhiteElo "1845"]
[BlackElo "1943"]
[PlyCount "95"]
[EventDate "2010.02.08"]
[EventType "swiss"]
[EventRounds "9"]
[EventCountry "ESP"]
[Source "lmi"]
[SourceDate "2010.02.08"]

1. e4 c5 2. Nf3 d6 3. d4 cxd4 4. Nxd4 Nf6 5. Nc3 g6 6. Be3 Bg7 7. f3 O-O 8. Qd2
Nc6 9. g4 Ne5 10. O-O-O Bd7 11. Bh6 Qa5 12. Bxg7 Kxg7 13. Kb1 Rac8 14. Nb3 Qd8
15. Be2 Be6 16. g5 Nfd7 17. f4 Nc6 18. h4 Nc5 19. h5 Nxb3 20. cxb3 Qa5 21. Nd5
Qxd2 22. Rxd2 Bxd5 23. Rxd5 f6 24. Bg4 Rc7 25. gxf6+ Rxf6 26. hxg6 hxg6 27. f5
Ne5 28. Bh3 g5 29. Rd2 Rh6 30. Bg2 Rxh1+ 31. Bxh1 Rc8 32. Rg2 g4 33. Rg1 Kf6
34. Bg2 Rh8 35. Kc2 Rh2 36. Kc3 Kg5 37. Kd4 Kf4 38. Kd5 Kg3 39. Bh1+ Kf2 40.
Rd1 Rxh1 41. Rxh1 g3 42. Rc1 g2 43. Ke6 Nc6 44. f6 exf6 45. Kxf6 Nd4 46. Ke7
g1=Q 47. Rxg1 Kxg1 48. Kxd6 1/2-1/2

[Event "Madrid ch Veteranos 2010"]
[Site "Madrid ESP"]
[Date "2010.02.17"]
[Round "8.13"]
[White "Alfageme Sanchez, Jesus"]
[Black "Beekhof Harmsen, Willen"]
[Result "1/2-1/2"]
[WhiteElo "1825"]
[BlackElo "1849"]
[PlyCount "75"]
[EventDate "2010.02.08"]
[EventType "swiss"]
[EventRounds "9"]
[EventCountry "ESP"]
[Source "lmi"]
[SourceDate "2010.02.08"]

1. e4 d6 2. Nf3 g6 3. d3 Bg7 4. Nc3 c5 5. Be3 Nc6 6. Rb1 Nf6 7. Be2 Ng4 8. Bd2
Nge5 9. h3 a6 10. Bf4 b5 11. Qd2 Nd4 12. Nxd4 cxd4 13. Nd1 h6 14. f3 Bd7 15.
Nf2 Rc8 16. O-O Be6 17. a3 g5 18. Bxe5 Bxe5 19. Bd1 Bf4 20. Qe2 Be3 21. Kh2 h5
22. c3 Bf4+ 23. g3 Be5 24. cxd4 Bxd4 25. Qd2 f6 26. Be2 h4 27. g4 Be5+ 28. Kg2
Bf4 29. Qe1 Qc7 30. Bd1 O-O 31. Qe2 a5 32. d4 Bc4 33. Nd3 a4 34. Qc2 Bxd3 35.
Qxd3 d5 36. e5 fxe5 37. Qg6+ Kh8 38. Qh6+ 1/2-1/2

[Event "Madrid ch Veteranos 2010"]
[Site "Madrid ESP"]
[Date "2010.02.17"]
[Round "8.14"]
[White "Pardiñas Riaño, Emilio"]
[Black "Minguela Muñoz, Bienvenido"]
[Result "0-1"]
[WhiteElo "1801"]
[BlackElo "1900"]
[PlyCount "94"]
[EventDate "2010.02.08"]
[EventType "swiss"]
[EventRounds "9"]
[EventCountry "ESP"]
[Source "lmi"]
[SourceDate "2010.02.08"]

1. e4 c5 2. Nf3 Nc6 3. d4 cxd4 4. Nxd4 e6 5. Be2 a6 6. O-O Qc7 7. Be3 Nf6 8.
Bf3 Ne5 9. c3 Nxf3+ 10. Qxf3 b5 11. Nd2 Bb7 12. Bg5 Be7 13. Qe2 d5 14. e5 Ne4
15. Bxe7 Qxe7 16. f4 O-O 17. Rf3 b4 18. Rh3 bxc3 19. bxc3 f5 20. Kh1 Rfc8 21.
Nxe4 fxe4 22. Qh5 g6 23. Qh6 Rc7 24. Rg3 Rac8 25. Qh3 Re8 26. Rf1 Bc8 27. Qg4
Qa3 28. Qh3 Qxa2 29. Qh6 Rg7 30. h4 Qc4 31. Kg1 Qc7 32. Kh2 Ree7 33. Nc2 a5 34.
Qg5 Ba6 35. Ra1 Bd3 36. Ne3 Qxc3 37. Rg1 d4 38. Ng4 e3 39. Nf6+ Kh8 40. h5 gxh5
41. Qxh5 Rxg3 42. Kxg3 e2 43. Qh6 Rg7+ 44. Kh2 e1=Q 45. Qh5 Qg3+ 46. Kh1 Qg6
47. Qh4 Qd2 0-1

[Event "Madrid ch Veteranos 2010"]
[Site "Madrid ESP"]
[Date "2010.02.17"]
[Round "8.15"]
[White "Keller, August"]
[Black "Osorio Ramos, Francisco"]
[Result "1/2-1/2"]
[WhiteElo "1771"]
[BlackElo "1944"]
[PlyCount "61"]
[EventDate "2010.02.08"]
[EventType "swiss"]
[EventRounds "9"]
[EventCountry "ESP"]
[Source "lmi"]
[SourceDate "2010.02.08"]

1. e4 c5 2. Nf3 d6 3. d4 cxd4 4. Nxd4 Nf6 5. Nc3 a6 6. g3 e5 7. Nb3 Nbd7 8. Bg2
Be7 9. O-O O-O 10. a4 b6 11. Nd5 Nxd5 12. exd5 Bb7 13. Qe2 Bf6 14. Nd2 Rc8 15.
Ne4 Be7 16. Nc3 f5 17. Be3 Nf6 18. h3 Nd7 19. Kh2 Bf6 20. Rad1 Re8 21. Qd2 Nc5
22. Rfe1 Nd7 23. Qe2 e4 24. Bd4 Ne5 25. Bxe5 Bxe5 26. Qe3 Rc5 27. f3 Bxc3 28.
bxc3 Bxd5 29. fxe4 Bxe4 30. Bxe4 Rxe4 31. Qf3 1/2-1/2